Statistics for South Australian Quiz #1

Click here to take the quiz!

General Stats

  • This quiz has been taken 49 times
  • The average score is 8 of 15

Answer Stats

QuestionAnswer% Correct
What type of climate is Northern South Australia?Desert
77%
South Australian Lleyton Hewitt played which sport?Tennis
77%
A short trip by tram from Adelaide will get you to which seaside suburb?Glenelg
74%
What vehicles are used during the Tour Down Under?Road Bikes
70%
The Adelaide Crows and the Port Adelaide Power play in an AFL Rivalry Game known as what?The Showdown
65%
South Australians are colloquially known as what?Croweaters
63%
What is Coober Pedy known for?Opals
60%
The City of Adelaide was named after who?Queen Adelaide
60%
What year did Adelaide get settled?1836
51%
South Australia is know as the what state?The Festival State
47%
South Australia's second biggest city is _______?Mt Gambier
42%
What is the name of the gulf the City of Adelaide is located next to?Gulf St Vincent
37%
Who planned Adelaide's city centre?Colonel William Light
35%
What's the population of South Australia in 2018?1.7 million
16%
What Australian federal division is Port Lincoln located in?Division of Gray
5%

Score Distribution

Percentile by Number Answered

Percent of People with Each Score

Your Score History

You have not taken this quiz